|
|
|
|
| LEADER |
01206nam a22002537a 4500 |
| 001 |
AAL8514 |
| 003 |
BD-DhAAL |
| 005 |
20190403135905.0 |
| 008 |
160401s 2011bg ||||| |||| 00| 0 ben d |
| 999 |
|
|
|c 37296
|d 37296
|
| 020 |
|
|
|a 9789845041164
|
| 040 |
|
|
|a BD-DhAAL
|c BD-DhAAL
|
| 082 |
|
|
|a 891.4414
|
| 100 |
|
|
|a রহমান, মোমিন
|9 18886
|
| 245 |
|
|
|a রবীন্দ্রনাথ :
|b চলচ্চিত্র /
|c মোমিন রহমান
|
| 260 |
|
|
|a ঢাকা :
|b মূর্ধণ্য,
|c ২০১১
|
| 300 |
|
|
|a ৮০ পৃ. ;
|c ২১ সে.মি.
|
| 490 |
|
|
|a রবীন্দ্র-স্মারক গ্রন্থমালা
|
| 541 |
|
|
|e 8514
|
| 600 |
|
|
|a Tagore, Rabindranath,
|d 1861-1941.
|9 18830
|
| 852 |
|
|
|a Savar Campus Library
|c General Shelf
|
| 942 |
|
|
|2 ddc
|c BK
|
| 952 |
|
|
|0 0
|1 0
|2 ddc
|4 0
|6 891_000000000000000__4414_RAH
|7 0
|9 58615
|a SCL
|b SCL
|c GEN
|d 2016-04-01
|e Gift: BLC, Savar
|g 120.00
|l 1
|o 891.4414 RAH
|p 3020008514
|r 2025-09-01
|s 2025-08-27
|t 1
|w 2016-04-01
|y BK
|
| 952 |
|
|
|0 0
|1 0
|2 ddc
|4 0
|6 891_000000000000000__4414_RAH
|7 0
|9 62902
|a SCL
|b SCL
|c GEN
|d 2018-03-18
|e Gift: BLC, Savar
|g 120.00
|l 1
|m 1
|o 891.4414 RAH
|p 3020009546
|r 2024-09-20
|s 2024-07-10
|t 2
|w 2018-03-18
|y BK
|